| RUSMARC |
| 000 | | | 05245cbm0a2200325#x 450 | | 001 | | | 375c8c41-7d94-44a9-9f31-1615bbe4d077 | | 005 | | | 20250902140029.0 | | 100 | ## | $a | 20250829d19450730k###0rusy50 ca | | 101 | 0# | $a | rus | | 102 | ## | $a | RU | | 122 | 0# | $a | d19450730## | | 200 | 1# | $a | Журнал боевых действий Приморской группы войск за май-июнь 1945 г. (с приложением схем и диаграммы) | | | $j | 30 июля 1945 г. | | 251 | ## | $c | Документ | | 300 | ## | $a | Подлинники | | 461 | #0 | $1 | 2001 | | | $a | Ф. 234 | | | $1 | 251 | | | $c | Фонд | | | $1 | 852 | | | $j | 234 | | 462 | #0 | $1 | 2001 | | | $a | Оп. 3213 | | | $1 | 251 | | | $c | Опись | | | $1 | 852 | | | $j | 3213 | | 462 | #0 | $1 | 2001 | | | $a | Д. 375 | | | $v | Л. 1-4, 4а, 5-18, 20-68 | | | $1 | 251 | | | $c | Дело | | | $1 | 852 | | | $j | 375 | | 601 | 02 | $2 | nlr_sh | | | $3 | RU\NLR\AUTH\661533176 | | | $a | Рабоче-Крестьянская Красная армия | | | $c | 1918 - 1946 | | | $x | История | | | $z | 1941 - 1945 | | | $j | Документы и материалы | | 601 | 02 | $2 | prlib_sh | | | $3 | LIBNET\UAF\0000114694 | | | $a | Дальневосточный фронт | | | $j | Документы и материалы | | 605 | ## | $2 | prlib_sh | | | $3 | LIBNET\UAF\0000088514 | | | $a | Вторая мировая война в архивных документах (Комплекс оцифрованных архивных документов, кино- и фотоматериалов) | | | $l | коллекция | | 605 | ## | $2 | acquisition_Prlib | | | $3 | DITM\AF\0000002775 | | | $a | Власть | | | $l | коллекция | | 605 | ## | $2 | acquisition_Prlib | | | $3 | DITM\AF\0000003834 | | | $a | Народ | | | $l | коллекция | | 606 | 1# | $2 | nlr_sh | | | $3 | RU\NLR\AUTH\661312452 | | | $a | Вторая мировая война | | | $z | 1939 - 1945 | | | $x | Четвертый период | | | $z | 1944 - 1945 | | | $j | Документы и материалы | | 686 | ## | $a | 63.3(2)622,14ю1 | | | $2 | rubbk | | | $v | LBC/M | | 686 | ## | $a | 63.3(0)62,1ю1 | | | $2 | rubbk | | | $v | LBC/M | | 801 | #0 | $a | RU | | | $b | ПБ им. Б.Н. Ельцина | | | $c | 20250829 | | 801 | #1 | $a | RU | | | $b | ПБ им. Б.Н. Ельцина | | | $c | 20250829 | | | $2 | rusmarc | | 801 | #2 | $a | RU | | | $b | ПБ им. Б.Н. Ельцина | | | $c | 20250902 | | | $2 | rusmarc | | 850 | ## | $a | Центральный архив Министерства обороны Российской Федерации | | 852 | ## | $a | ЦА МО РФ | | | $j | Л. 1-4, 4а, 5-18, 20-68 | | 035 | ## | $a | LIBNET\0001495012 | | 937 | ## | $d | 198134229 | | | $h | Федеральное архивное агентство | | 856 | 4# | $u | http://readingroom.main.prlib.ru/item.aspx?id_node=n198134229&mode=full |
|